• 首页
  • 本馆介绍
  • 公告通知
  • 最新文献
  • 馆藏检索
  • 电子资源
  • 读者导购
  • 参考咨询
  • 我的图书馆
  • 登录
  • 详细信息显示
  • 放入我的书架
  • 预约/预借图书
  • 作者相关作品
  • 分类相关作品
  • 丛书相关作品
  • 出版社相关作品

书目信息

  • 表格格式
  • 工作单格式
  • 卡片格式
题名:
旅游应用文(修订本)
    
 
作者: ;国家旅游局人事劳动教育司
分册:  
出版信息: 北京   旅游教育出版社  2001
页数: 412页
开本: 20cm
丛书名:
单 册:
中图分类: H125.3
科图分类:
主题词: 汉字--文字学
电子资源:
ISBN: 7-5637-0783-2
000 00624nam0 2200181 450
001 0736196517
005 20070924100316.51
010    @a7-5637-0783-2@d¥18.00
100    @a20070924d km y0chiy0120 ea
101 0  @achi
200 1  @a旅游应用文(修订本)@Alu you ying yong wen(xiu ding ben)@f国家旅游局人事劳动教育司@Fguo jia lu you ju ren shi lao dong jiao yu si
210    @a北京@c旅游教育出版社@d2001
215    @a412页@d20cm
606 0  @a汉字@x文字学
690    @aH125.3@v3
711 02 @a国家旅游局人事劳动教育司@Aguo jia lu you ju ren shi lao dong jiao yu si
801  0 @aCN@bPFT@c20070924
905    @a213230@dH125.3@eZY2=2@f1
    
    旅游应用文(修订本)/国家旅游局人事劳动教育司.-北京:旅游教育出版社,2001
    412页;20cm
    
    
    ISBN 7-5637-0783-2:¥18.00
    
●
相关链接 在E读中查询图书 在五车中查询图书 在当当中查询图书 在豆瓣中查询图书


正题名:旅游应用文(修订本)     索取号:H125.3/ZY2=2         预约/预借

序号 登录号 条形码 馆藏地/架位号 状态 备注
1 7900051   279000518   密集书库-资源管理系/ [索取号:H125.3/ZY2=2] 在馆    
唐山师范学院图书馆 欢迎您!
大连网信软件有限公司© 版权所有